00515nam a2200169Ia 450000500170000000800410001702000150005808200130007310000150008624500390010126000330014030000170017350000400019094200060023095200940023699900150033020250122021447.0240331s9999 xx 000 0 und d a9559518518 bRAJa920 aRajah, S.J 2aA life-sketch of Tambimuttu Pillay aColombobP. Tambimuttuc1988 avi, 70 p .,  aA Story of Mr.S. Tambimuttu Pillay cL 001040708LaWERCLbWERCLcSSCd2024-03-31l0o 920 RAJp647r2024-03-31w2024-03-31yL c3417d3417